Best of VR on Steam for 2021 - Statistics

General Stats
  • This quiz has been taken 4 times
  • The average score is 8 of 98
Answer Stats
Game Title % Correct
Boneworks
100%
Beat Saber
67%
Gorilla Tag
67%
I Expect You To Die
67%
Pavlov
67%
Superhot VR
67%
Arizona Sunshine
33%
Blade & Sorcery
33%
Contractors
33%
Creed: Rise to Glory
33%
Half Life: Alyx
33%
HARD BULLET
33%
Hell Split Arena
33%
I Expect You To Die 2
33%
Into The Radius
33%
Pistol Whip
33%
The Thrill of the Fight
33%
Accounting+
0%
A Fisherman's Tale
0%
After The Fall
0%
All-In-One Sports VR
0%
Altdeus
0%
Ancient Dungeon VR
0%
Audica
0%
Batman: Arkham VR
0%
BattleGroup VR
0%
Blood Trail
0%
Borderlands 2 VR
0%
Box VR
0%
Budget Cuts
0%
Budget Cuts 2
0%
Car Mechanic Simulator VR
0%
Compound
0%
Cooking Simulator VR
0%
Cosmodread
0%
Crisis Vrigade 2
0%
cyubevr
0%
Dash Dash World
0%
Demeo
0%
DOOM VFR
0%
Drunken Bar Fight
0%
Duck Season
0%
Electronauts- VR Music
0%
Eleven Table Tennis
0%
Fallout 4 VR
0%
fpsVR
0%
Fruit Ninja VR
0%
GORN
0%
Hot Dogs, Horseshoes & Hand Grenades
0%
House Flipper VR
0%
IL-2 Sturmovik: Battle of Kuban
0%
Jet Island
0%
Job Simulator
0%
Karnage Chronicles
0%
Kingspray Graffiti VR
0%
L.A. Noire VR
0%
Legendary Tales
0%
Master Bladesmith
0%
Medal of Honor: Above and Beyond
0%
Moss
0%
Onward
0%
OVR Toolkit
0%
Population: One
0%
PowerBeats VR
0%
Ragnarock
0%
Raw Data
0%
Red Matter
0%
Richie's Plank Experience
0%
Rick and Morty Virtual Rickality
0%
Sairento VR
0%
Serious Sam VR: The Last Hope
0%
Skybox VR Player
0%
Sniper Elite VR
0%
Space Pirate Trainer
0%
STRIDE
0%
Surgeon Simulator VR
0%
SURV1V3
0%
Swords of Gagantua
0%
Synth Riders
0%
Tales of Glory
0%
The Elder Scrolls V: Skyrim
0%
The Room VR: A Dark Matter
0%
The Talos Principle VR
0%
The Wizards
0%
The Wizards- Dark Times
0%
Thief Simulator VR
0%
Tilt Brush
0%
Until You Fall
0%
Vacation Simulator
0%
Vermillion- VR Painting
0%
Virtual Desktop
0%
VR Dungeon Knight
0%
VR Kanojo
0%
VTOL VR
0%
Walkabout Mini Golf VR
0%
Walking Dead: Saints and Sinners
0%
XSOverlay
0%
Zero Caliber
0%
No matching quizzes found
Score Distribution
Percent of People with Each Score
Percentile by Number Answered
Your Score History
You have not taken this quiz